<?xml version="1.0" encoding="UTF-8"?>
<collection xmlns="http://www.loc.gov/MARC21/slim">
 <record>
  <leader>00955nam a2200229 i 4500</leader>
  <controlfield tag="001">1/11166</controlfield>
  <controlfield tag="008">790518s1976    enkab        f00000 eng  </controlfield>
  <datafield tag="020" ind1=" " ind2=" ">
   <subfield code="a">011320227X</subfield>
  </datafield>
  <datafield tag="035" ind1=" " ind2=" ">
   <subfield code="l">11520</subfield>
  </datafield>
  <datafield tag="040" ind1=" " ind2=" ">
   <subfield code="a">DLC</subfield>
   <subfield code="b">GR-PeUP</subfield>
  </datafield>
  <datafield tag="043" ind1=" " ind2=" ">
   <subfield code="a">e-uk---</subfield>
   <subfield code="a">e-uk-en</subfield>
  </datafield>
  <datafield tag="082" ind1="0" ind2="0">
   <subfield code="a">362.1/0942 GR</subfield>
  </datafield>
  <datafield tag="110" ind1="1" ind2=" ">
   <subfield code="a">Great Britain.</subfield>
   <subfield code="b">Resource Allocation Working Party.</subfield>
  </datafield>
  <datafield tag="245" ind1="1" ind2="0">
   <subfield code="a">Sharing resources for health in England :</subfield>
   <subfield code="b">report of the Resource Allocation Working Party.</subfield>
  </datafield>
  <datafield tag="260" ind1="0" ind2=" ">
   <subfield code="a">London :</subfield>
   <subfield code="b">H.M.S.O.,</subfield>
   <subfield code="c">1976.</subfield>
  </datafield>
  <datafield tag="300" ind1=" " ind2=" ">
   <subfield code="a">134 p. :</subfield>
   <subfield code="b">ill., maps ;</subfield>
   <subfield code="c">21 cm.</subfield>
  </datafield>
  <datafield tag="500" ind1=" " ind2=" ">
   <subfield code="a">At head of title: Department of Health and Social Security.</subfield>
  </datafield>
  <datafield tag="650" ind1=" " ind2="4">
   <subfield code="a">National Health Service (Great Britain)</subfield>
   <subfield code="x">Appropriations and expenditures.</subfield>
  </datafield>
  <datafield tag="650" ind1=" " ind2="4">
   <subfield code="a">Regional medical programs</subfield>
   <subfield code="z">England</subfield>
   <subfield code="x">Finance.</subfield>
  </datafield>
  <datafield tag="650" ind1=" " ind2="4">
   <subfield code="a">Community health services</subfield>
   <subfield code="z">England</subfield>
   <subfield code="x">Finance.</subfield>
  </datafield>
  <datafield tag="710" ind1="1" ind2="0">
   <subfield code="a">Great Britain.</subfield>
   <subfield code="b">Dept. of Health and Social Security.</subfield>
  </datafield>
  <datafield tag="852" ind1=" " ind2=" ">
   <subfield code="a">INST</subfield>
   <subfield code="b">UNIPILB</subfield>
   <subfield code="c">MAIN</subfield>
   <subfield code="e">20040709</subfield>
   <subfield code="h">362.1/0942 GR</subfield>
   <subfield code="p">00126665</subfield>
   <subfield code="q">00126665</subfield>
   <subfield code="t">LOAN</subfield>
   <subfield code="y">0</subfield>
   <subfield code="4">1</subfield>
  </datafield>
 </record>
</collection>
